000 01504nam a2200241Ia 4500
999 _c51669
_d51669
001 18660
003 GE_BSU
005 20220920164819.0
008 181216s2008||||ge |||||||||||||| ||geo||
040 _cGE_BSU
041 _ageo
080 _a33 ც-51
100 _aცეცხლაძე, ცირა
_910483
245 _aსასურსათო ბაზრის ფორმირების პრობლემები და მისი სოციალური ასპექტები : დისერტაცია /
_cცირა ცეცხლაძე; სამეცნიერო ხელმძღვანელი რ.მანველიძე; ბათუმის შოთა რუსთაველის სახელმწიფო უნივერსიტეტი.
264 _aბათუმი,
_b
_c2008.
300 _a155 გვ.;
_b30 სმ.
653 _aდისერტაცია
653 _aეკონომიკა
653 _aსასურსათო ბაზრის ფორმირების პრობლემები და მისი სოციალური ასპექტები
700 _aმანველიძე, რ.
_eსამეცნიერო ხელმძღვანელი
_910484
710 _aბათუმის შოთა რუსთაველის სახელმწიფო უნივერსიტეტი
_911885
942 _cBK
_2udc